000 00837nab a2200241 u 4500
001 12924
003 HDC
007 cr bn ---
008 210211b2008mmddfr a|||| |||| 00| 0 eng d
040 _aHDC
110 _aMATRADE Paris
245 0 _aProduct Market Study:
_bHalal Market in France
_c/ MATRADE Paris
260 _aFrance:
_bCommercial De Malaisie (MATRADE) De L'Ambassade De Malaisie,
_c2005
300 _a1 online resource (20 pages)
336 _atext
_2rdacontent
337 _acomputer
_2rdamedia
338 _aonline resource
_2rdacarrier
650 _aHalal food industry
_zFrance
_911275
856 _zRequest full-text at [email protected]
942 _2lcc
942 _cAR
942 _kJART 002642
999 _c10240
_d10240